Dictionary of Business, (Record no. 6439)

MARC details
005 - DATE AND TIME OF LATEST TRANSACTION
control field 20250629163929.0
082 ## - DEWEY DECIMAL CLASSIFICATION NUMBER
Classification number 658 DIC
111 ## - MAIN ENTRY--MEETING NAME
Meeting name or jurisdiction name as entry element Dictionary of Business
245 ## - TITLE STATEMENT
Title Dictionary of Business,
260 ## - PUBLICATION, DISTRIBUTION, ETC.
Place of publication, distribution, etc. New York,
Name of publisher, distributor, etc. Oxford University Press,
Date of publication, distribution, etc. 1990.
300 ## - PHYSICAL DESCRIPTION
Dimensions 19cm.
942 ## - ADDED ENTRY ELEMENTS (KOHA)
Source of classification or shelving scheme Dewey Decimal Classification
Koha item type Books
Holdings
Date last seen Total checkouts Full call number Barcode Cost, replacement price Price effective from Koha item type Lost status Source of classification or shelving scheme Damaged status Not for loan Withdrawn status Home library Current library Shelving location Date acquired Cost, normal purchase price
06/29/2025   658DIC DOM0003783 75000.00 06/29/2025 Books   Dewey Decimal Classification       CBE Dodoma CBE Dodoma General Collection 06/29/1995 25000.00
06/29/2025   330.03 DOM0004475 75000.00 06/29/2025 Books   Dewey Decimal Classification       CBE Dodoma CBE Dodoma Reference Collection 06/29/1995 25000.00